000 01226nam a2200325 i 4500
003 EG-GICUC
005 20260124193857.0
008 260124s1961 ua ||||fr|||| 00| 0 ara d
040 _a EG-GICUC
_bara
_c EG-GICUC
_d EG-GICUC
_erda
041 0 _aara
082 0 4 _221
_a345.124
_bم ح . ث
092 0 4 _221
099 _aLaw1 07 345.124 م ح . ث 1 ed - 1961
100 0 _aمحمد طه بدوي
_eمؤلف.
245 1 2 _aالثورة الخلاقة في المجتمع العربي /
_cدكتور محمد طه بدوي ، دكتور محمد طلعت الغنيمي.
250 _aالطبعة الأولي
264 1 _aالإسكندرية :
_bمنشأة المعارف،
_c1961.
300 _a215 صفحة ؛
_c24 سم
336 _2rda content
_atext
337 _2rda media
_aComputer
338 _2rda carrier
_aOnline Resource
504 _aيشتمل على إرجاعات ببليوجرافية.
546 _aالنص باللغة العربية
650 1 4 _aالقانون الإداري
650 1 4 _aقابلية القانون الإداري للتطور
651 1 _2qrmak
856 4 0 _uhttps://fll.law.cu.edu.eg/fulltext/bks/B07-02955.pdf
905 _a74
942 _2ddc
_n0
_cBK
_e21
999 _c59045
_d59045